000 00633nam a2200229Ia 4500
003 OSt
005 20220928114926.0
006 a|||||r|||| 00| 0
007 ta
008 220927b |||||||| |||| 00| 0 eng d
024 _a58469
037 _cTextual
040 _aSDCL
_cSDCL
_beng
041 _2eng
_aeng
082 _aY9(W), L9
100 _aKhoshkish A
_9442438
245 0 _aSocio-political complex
_b An interdisciplinary approach to political life
260 _aOxford
_bPergamon Press
_c1979
300 _ax,396p
_ccm.
942 _hY9(W), L9
_cTEXL
_2CC
999 _c757687
_d757687